Normal view MARC view

Entry Personal Name

Number of records used in: 2

001 - CONTROL NUMBER

  • control field: 19135

003 - CONTROL NUMBER IDENTIFIER

  • control field: OSt

005 - DATE AND TIME OF LATEST TRANSACTION

  • control field: 20240917103031.0

008 - FIXED-LENGTH DATA ELEMENTS

  • fixed length control field: 240917|| aca||aabn | a|a d

040 ## - CATALOGING SOURCE

  • Original cataloging agency: OSt
  • Transcribing agency: OSt

100 ## - HEADING--PERSONAL NAME

  • Personal name: Seivewright, Nicholas

670 ## - SOURCE DATA FOUND

  • Source citation: Work cat.: (OSt)9376: Seivewright, Nicholas., Community treatment of drug misuse :, 2000.